00646nam a2200181Ia 4500003000900000008004100009040001600050080001700066110002700083245014300110260001700253300001000270650004100280650002800321942000700349999001500356952009300371IN-BaIIA211028s9999 xx 000 0 eng d cIIA Library a061-3bROY-2 aThe Royal Society9744 4aThe royal society empire scientific conference june-july 1946breport, vol. 2cRoyal Society (Great Britain), Empire Scientific Conference aLondonc1946 a707p. aAstronomy and Astrophysics Thesaurus aConference Report92967 cBK c1461d1461 00104070aBANbBANcGENd0000-00-00l0o061-3/ ROY-2p1574r2021-11-05w0000-00-00yBK